000
00322nam a2200145Ia 4500
100
_a
Zbar/ P.B.
250
_a
7
942
_c
BK
654
_a
electronics
245
_a
Basic Electronics:Text lab manual
260
_b
Tata Mc Graw hill
_a
New Delhi
_c
1994
082
_a
621.381
_b
ZBA
300
_a
381
546
_a
ENGLISH
999
_c
27018
_d
27018